[Event "SR 4. liga A21 2016/2017"]
[Site "?"]
[Date "2017.02.26"]
[Round "10.5"]
[White "Jancovicova, Petra"]
[Black "Dest, Stanislav"]
[Result "1-0"]
[WhiteElo "1661"]
[BlackElo "1410"]
[PlyCount "77"]
[EventDate "2016.??.??"]

1. e4 e5 2. Nf3 d6 3. d4 exd4 4. Nxd4 Nf6 5. Nc3 Be7 6. Bc4 O-O 7. O-O Bd7 8.
Re1 Nc6 9. Be3 a6 10. a4 Ne5 11. Bb3 c5 12. Nde2 Bg4 13. Qd2 Qd7 14. Nf4 Rab8
15. h3 Bf3 16. Nfd5 Bh5 17. f4 Nc6 18. Bxc5 Ne8 19. Nxe7+ Qxe7 20. Ba3 Rd8 21.
e5 Qc7 22. e6 fxe6 23. f5 Kh8 24. g4 Bf7 25. fxe6 Bg6 26. Nd5 Qb8 27. e7 Qa7+
28. Qe3 Qxe3+ 29. Rxe3 Nxe7 30. Rxe7 Nf6 31. Nxf6 Rxf6 32. Rf1 Rxf1+ 33. Kxf1
h5 34. Rxb7 hxg4 35. hxg4 Rf8+ 36. Ke1 Rf4 37. g5 Rf5 38. Rb8+ Kh7 39. Bg8+ 1-0

[Event "SR 4. liga A21 2016/2017"]
[Site "?"]
[Date "2017.02.26"]
[Round "10.6"]
[White "Ocko, Martin"]
[Black "Skapik, Branislav"]
[Result "1/2-1/2"]
[WhiteElo "1947"]
[BlackElo "1822"]
[PlyCount "30"]
[EventDate "2016.??.??"]

1. d4 d5 2. Nf3 Nf6 3. g3 e6 4. Bg2 c5 5. e3 Nc6 6. O-O Be7 7. b3 O-O 8. Bb2
Bd7 9. Nbd2 Rc8 10. Ne5 cxd4 11. Nxd7 Nxd7 12. exd4 Nb4 13. c3 Nd3 14. Qb1 Nxb2
15. Qxb2 Qa5 1/2-1/2

[Event "SR 4. liga A21 2016/2017"]
[Site "?"]
[Date "2017.02.26"]
[Round "10.6"]
[White "Drozd, Jan"]
[Black "Sadlon, Matus"]
[Result "0-1"]
[WhiteElo "1562"]
[BlackElo "1688"]
[PlyCount "110"]
[EventDate "2016.??.??"]

1. e4 e5 2. Nf3 Nc6 3. Bb5 a6 4. Ba4 Nf6 5. O-O b5 6. Bb3 Be7 7. Re1 O-O 8. c3
d6 9. h3 Na5 10. Bc2 c5 11. d4 cxd4 12. cxd4 Qc7 13. Nbd2 Bb7 14. Nf1 Rac8 15.
Bd3 Nc6 16. d5 Nb4 17. Ng3 g6 18. Bh6 Rfd8 19. Rc1 Qd7 20. Rxc8 Rxc8 21. a3
Nxd3 22. Qxd3 Qd8 23. Be3 Nd7 24. b4 Nb6 25. Nd2 Qc7 26. Bxb6 Qxb6 27. Nb3 Bd8
28. Ne2 Qa7 29. Nec1 Bb6 30. Rf1 Rc4 31. g3 Bc8 32. Kg2 Qd7 33. g4 Qc7 34. Ne2
Bd7 35. Rc1 Qc8 36. f3 Bd8 37. Qd1 Kg7 38. Nd2 Rxc1 39. Qxc1 Qxc1 40. Nxc1 f5
41. Ne2 fxe4 42. Nxe4 Bc7 43. Kg3 Bc8 44. f4 Bb7 45. N2c3 h6 46. fxe5 dxe5 47.
d6 Bb6 48. Nc5 Bc6 49. d7 Kf7 50. Nxa6 Bxd7 51. Nd5 Bd4 52. Nc5 Be8 53. Nc7 Bc6
54. N7a6 e4 55. Nb8 Be5+ 0-1

[Event "SR 4. liga A21 2016/2017"]
[Site "?"]
[Date "2017.02.26"]
[Round "10.6"]
[White "Svarc, Vaclav"]
[Black "Hrdlicka, Martin"]
[Result "0-1"]
[WhiteElo "1185"]
[BlackElo "1345"]
[PlyCount "38"]
[EventDate "2016.??.??"]

1. e4 e5 2. Nf3 Nc6 3. Bb5 a6 4. Ba4 Nf6 5. Nc3 d6 6. d3 Be7 7. Bg5 Be6 8. Bb3
O-O 9. Nd5 Nxd5 10. Bxd5 Bxg5 11. h4 Bh6 12. g4 Bxg4 13. Rg1 Bxf3 14. Qxf3 Nd4
15. Qd1 c6 16. Bb3 Qf6 17. c3 Nf3+ 18. Kf1 Nxg1 19. Kxg1 Qxh4 0-1

[Event "SR 4. liga A21 2016/2017"]
[Site "?"]
[Date "2017.03.12"]
[Round "11.1"]
[White "Diviak, Rudolf"]
[Black "Brunovsky, Peter"]
[Result "1/2-1/2"]
[WhiteElo "1798"]
[BlackElo "1818"]
[PlyCount "40"]
[EventDate "2016.??.??"]

1. e4 c6 2. d4 d5 3. Nc3 dxe4 4. Nxe4 Nf6 5. Nxf6+ gxf6 6. c3 Bf5 7. Nf3 e6 8.
g3 Bd6 9. Bg2 Nd7 10. O-O Qc7 11. Re1 O-O-O 12. a4 Bg4 13. Be3 Kb8 14. b4 h5
15. b5 c5 16. a5 e5 17. Qa4 Qc8 18. Nd2 Be6 19. a6 Nb6 20. axb7 Qxb7 1/2-1/2

[Event "SR 4. liga A21 2016/2017"]
[Site "?"]
[Date "2017.03.12"]
[Round "11.1"]
[White "Kanka, Tomas"]
[Black "Trojkova, Michaela"]
[Result "1/2-1/2"]
[WhiteElo "1714"]
[BlackElo "1663"]
[PlyCount "50"]
[EventDate "2016.??.??"]

1. e4 c5 2. c3 e6 3. Nf3 Nc6 4. Bb5 a6 5. Qa4 Na5 6. Be2 b5 7. Qc2 d5 8. exd5
Qxd5 9. O-O Nf6 10. d4 cxd4 11. Nxd4 Bb7 12. Bf3 Qd7 13. Bg5 Be7 14. Rd1 Bxf3
15. Nxf3 Qc7 16. Nbd2 O-O 17. Bxf6 Bxf6 18. Ne4 Be5 19. Neg5 g6 20. Re1 Bg7 21.
h4 Nc4 22. h5 Rfe8 23. hxg6 hxg6 24. Qe4 Nxb2 25. Qh4 Nd3 1/2-1/2

[Event "SR 4. liga A21 2016/2017"]
[Site "?"]
[Date "2017.03.12"]
[Round "11.1"]
[White "Celustkova, Lubica"]
[Black "Vlk, Jaroslav"]
[Result "1-0"]
[WhiteElo "1706"]
[BlackElo "1481"]
[PlyCount "75"]
[EventDate "2016.??.??"]

1. e4 e5 2. Nf3 Nc6 3. Bb5 d6 4. d4 f6 5. d5 a6 6. Be2 Nb8 7. O-O f5 8. exf5
Bxf5 9. Nc3 Nf6 10. Bg5 h6 11. Bxf6 gxf6 12. Nh4 Bh7 13. Bh5+ Kd7 14. Qg4+ f5
15. Nxf5 Qg5 16. Nxh6+ Qxg4 17. Bxg4+ Ke7 18. Nf5+ Kf6 19. Ne4+ Kg6 20. f4 Kf7
21. fxe5 dxe5 22. Ng5+ Kg6 23. h4 Bc5+ 24. Kh2 Nd7 25. Ng3 Nf8 26. Bh5+ Kg7 27.
Rf7+ Kg8 28. Nxh7 Rxh7 29. Raf1 Bd6 30. Kh3 e4 31. Rxh7 Bxg3 32. Re7 Bd6 33.
Rxe4 Nh7 34. Rg4+ Kh8 35. Rf7 Rf8 36. Rgg7 Rxf7 37. Rxf7 Kg8 38. g4 1-0

[Event "SR 4. liga A21 2016/2017"]
[Site "?"]
[Date "2017.03.12"]
[Round "11.1"]
[White "Ralbovsky, Dominik"]
[Black "Buran, Andrej Ml"]
[Result "0-1"]
[WhiteElo "1000"]
[BlackElo "1627"]
[PlyCount "56"]
[EventDate "2016.??.??"]

1. e4 e5 2. Nf3 Nc6 3. Bc4 Bc5 4. O-O d6 5. d3 Bg4 6. Nbd2 Qd7 7. Nb3 O-O-O 8.
Bg5 f6 9. Bh4 g5 10. Bg3 f5 11. h3 Bh5 12. Qd2 Bxf3 13. gxf3 f4 14. Kg2 fxg3
15. Qxg5 Bxf2 16. Qg4 Qxg4 17. hxg4 Nge7 18. Rh1 Ng6 19. Be6+ Kb8 20. Bf5 Nf4+
21. Kf1 g2+ 22. Kxf2 gxh1=Q 23. Rxh1 Nd4 24. Na1 Nxf5 25. exf5 h5 26. gxh5 Rxh5
27. Rf1 Rh2+ 28. Ke3 Re2# 0-1

[Event "SR 4. liga A21 2016/2017"]
[Site "?"]
[Date "2017.03.12"]
[Round "11.1"]
[White "Hrdlicka, Martin"]
[Black "Daniel, Jakub"]
[Result "1-0"]
[WhiteElo "1343"]
[BlackElo "1000"]
[PlyCount "111"]
[EventDate "2016.??.??"]

1. e4 e5 2. Nf3 Nc6 3. Bb5 Nf6 4. O-O Bc5 5. d3 O-O 6. Re1 Ng4 7. Be3 Bxe3 8.
fxe3 a6 9. Ba4 b5 10. Bb3 Na5 11. Nbd2 d6 12. c3 Be6 13. Bc2 c5 14. Nf1 c4 15.
d4 Nc6 16. d5 Qd7 17. Ng3 Qa7 18. Qd2 Nd8 19. dxe6 Nxe6 20. Nf5 Rfd8 21. h3 Nf6
22. Rad1 Ne8 23. Qf2 Nc5 24. Qh4 Nf6 25. Qg5 Ne6 26. Qg3 Nh5 27. Qf2 g6 28.
Nh6+ Kf8 29. Ng4 Nef4 30. exf4 Qxf2+ 31. Kxf2 exf4 32. Kg1 d5 33. Rxd5 Re8 34.
Nf6 Nxf6 35. Rd4 Nh5 36. e5 Kg7 37. g4 fxg3 38. Rd7 Nf4 39. Re4 Nxh3+ 40. Kg2
Nf2 41. Re2 Red8 42. Rxd8 Rxd8 43. Kxg3 Nh1+ 44. Kg2 h5 45. Kxh1 Kh6 46. Rg2 a5
47. e6 f5 48. Nd4 Rg8 49. Nxf5+ Kh7 50. Ne7 Rf8 51. Bxg6+ Kh8 52. Nf5 Rd8 53.
e7 Rd1+ 54. Kh2 Re1 55. e8=R+ Rxe8 56. Bxe8 1-0

[Event "SR 4. liga A21 2016/2017"]
[Site "?"]
[Date "2017.03.12"]
[Round "11.2"]
[White "Palka, Miroslav"]
[Black "Sadlon, Juraj"]
[Result "1-0"]
[WhiteElo "1906"]
[BlackElo "1887"]
[PlyCount "83"]
[EventDate "2016.??.??"]

1. c4 Nf6 2. Nc3 c6 3. d4 d6 4. g3 g6 5. Bg2 Bg7 6. e4 O-O 7. Nge2 e5 8. d5 c5
9. O-O a6 10. a3 Bd7 11. b4 Qc7 12. Qb3 b6 13. Rb1 Rc8 14. b5 axb5 15. Nxb5
Bxb5 16. Qxb5 Nbd7 17. Nc3 Ra5 18. Qb3 Rca8 19. Nb5 Qb8 20. f4 h6 21. Qd3 Ra4
22. h3 Ne8 23. h4 h5 24. f5 Qd8 25. Bf3 Qe7 26. Bd1 R4a5 27. Bd2 R5a6 28. Be3
Ndf6 29. Bg5 Qd7 30. Rb3 Nh7 31. Bc1 Nc7 32. Nxc7 Qxc7 33. Qe2 Qe7 34. Rbf3 Nf6
35. fxg6 fxg6 36. Bg5 Rf8 37. Qf2 Rf7 38. Bxf6 Bxf6 39. Rxf6 Rxf6 40. Qxf6 Qxf6
41. Rxf6 Rxa3 42. Kf2 1-0

[Event "SR 4. liga A21 2016/2017"]
[Site "?"]
[Date "2017.03.12"]
[Round "11.2"]
[White "Hanzluvka, Peter"]
[Black "Huska, Branislav"]
[Result "0-1"]
[WhiteElo "1897"]
[BlackElo "1796"]
[PlyCount "75"]
[EventDate "2016.??.??"]

1. e4 c5 2. Nf3 d6 3. d4 cxd4 4. Nxd4 Nf6 5. Nc3 a6 6. Be2 e5 7. Nb3 Be7 8. Be3
O-O 9. O-O b5 10. a4 Bb7 11. axb5 axb5 12. f3 b4 13. Rxa8 Bxa8 14. Nd5 Nxd5 15.
exd5 Nd7 16. c4 bxc3 17. bxc3 Qc7 18. c4 Bb7 19. Qd2 Ra8 20. Rc1 Ra4 21. Qc2
Nb6 22. Nd2 Ba6 23. Qb3 Bd8 24. Kh1 Ra5 25. Ne4 Nd7 26. Bd2 Nc5 27. Nxc5 Rxc5
28. Qa4 Bb5 29. cxb5 Rxc1+ 30. Bxc1 Qxc1+ 31. Bd1 g6 32. h3 Bg5 33. b6 Qe3 34.
Qb4 Qf2 35. b7 Be3 36. b8=Q+ Kg7 37. Kh2 Qg1+ 38. Kg3 0-1

[Event "SR 4. liga A21 2016/2017"]
[Site "?"]
[Date "2017.03.12"]
[Round "11.2"]
[White "Kir, Kvetoslav"]
[Black "Skapik, Branislav"]
[Result "0-1"]
[WhiteElo "1739"]
[BlackElo "1824"]
[PlyCount "68"]
[EventDate "2016.??.??"]

1. d4 d5 2. c4 e6 3. Nc3 Nf6 4. Nf3 Nbd7 5. e3 Be7 6. Bd3 dxc4 7. Bxc4 Nb6 8.
Bd3 O-O 9. O-O c5 10. b3 Nbd5 11. Bb2 a6 12. Rc1 cxd4 13. Nxd5 Nxd5 14. Nxd4
Bf6 15. Qe2 Bd7 16. Rfd1 Qb6 17. Rc4 Rac8 18. Rdc1 Rxc4 19. Rxc4 Nb4 20. Bb1 e5
21. a3 Nd5 22. Qc2 g6 23. Nf3 Qd6 24. Qd2 b5 25. Rc1 Qe6 26. Rc5 Bc6 27. e4 Nf4
28. Bxe5 Rd8 29. Qe1 Qg4 30. Bxf4 Bxe4 31. Bxe4 Qxf4 32. Rc1 Re8 33. Nd2 Bd4
34. g3 Qe5 {cas} 0-1

[Event "SR 4. liga A21 2016/2017"]
[Site "?"]
[Date "2017.03.12"]
[Round "11.2"]
[White "Pericka, Pavol"]
[Black "Fidericky, Milan"]
[Result "0-1"]
[WhiteElo "1803"]
[BlackElo "1704"]
[PlyCount "95"]
[EventDate "2016.??.??"]

1. e4 e5 2. Bc4 Nf6 3. Nf3 Nxe4 4. Bxf7+ Kxf7 5. Nxe5+ Kg8 6. Qf3 Ng5 7. Qd5+
Ne6 8. f4 c6 9. Qb3 d5 10. O-O Qb6+ 11. Kh1 Qxb3 12. axb3 Bd6 13. c3 Nd7 14. d4
Nf6 15. Be3 g6 16. f5 gxf5 17. Rxf5 Kg7 18. Nd2 Bxe5 19. dxe5 Ng4 20. Bg5 Nxg5
21. Rxg5+ Kh6 22. Nf3 Nf2+ 23. Kg1 Ne4 24. h4 Nxg5 25. Nxg5 Bf5 26. Nf7+ Kg6
27. Nxh8+ Rxh8 28. Rxa7 Rb8 29. Ra4 Be4 30. g4 Kf7 31. Kf2 Ke6 32. Ke3 Kxe5 33.
Ra1 Rf8 34. Rg1 Rf3+ 35. Ke2 Kf4 36. g5 Rh3 37. Rf1+ Bf3+ 38. Kd3 Rxh4 39. c4
Rh1 40. Rf2 Kg3 41. Rd2 Rd1 42. Rxd1 Bxd1 43. b4 dxc4+ 44. Kxc4 Be2+ 45. Kc5
Kf4 46. Kb6 Ba6 47. b5 Bxb5 48. Kxb7 0-1

[Event "SR 4. liga A21 2016/2017"]
[Site "?"]
[Date "2017.03.12"]
[Round "11.2"]
[White "Lauko, Tomas"]
[Black "Brath, Zdeno"]
[Result "1-0"]
[WhiteElo "1723"]
[BlackElo "1544"]
[PlyCount "101"]
[EventDate "2016.??.??"]

1. e4 e5 2. Nf3 Nc6 3. Bc4 Bc5 4. c3 d6 5. d4 exd4 6. cxd4 Bb6 7. Ng5 Nh6 8.
Nf3 Ng4 9. O-O h6 10. Nc3 O-O 11. a3 Nf6 12. b4 Bg4 13. Be3 Bxf3 14. gxf3 Ne7
15. Kh1 c6 16. Rg1 Ng6 17. Rxg6 d5 18. Rg2 dxc4 19. Bxh6 g6 20. Bxf8 Kxf8 21.
d5 cxd5 22. Nxd5 Nxd5 23. exd5 Qd6 24. Qd2 Kg7 25. Qc3+ Qf6 26. Rc1 Rc8 27. Rg4
Bxf2 28. d6 Rd8 29. Qxf6+ Kxf6 30. Rcxc4 Rxd6 31. Rc7 Rd3 32. Rf4+ Kg5 33.
Rfxf7 Rxa3 34. Kg2 Ra2 35. f4+ Kh5 36. Rh7+ Kg4 37. h3+ Kf5 38. Rhf7+ Ke4 39.
Rfe7+ Kd5 40. Red7+ Ke6 41. Rxb7 Bb6+ 42. Kg3 Rb2 43. Re7+ Kd6 44. Rg7 Kc6 45.
Rbf7 Rxb4 46. Rxg6+ Kd5 47. h4 Rb1 48. h5 Rg1+ 49. Kh2 Rxg6 50. hxg6 Ke6 51.
f5+ 1-0

[Event "SR 4. liga A21 2016/2017"]
[Site "?"]
[Date "2017.03.12"]
[Round "11.3"]
[White "Orvisky, Vladimir"]
[Black "Musaev, Urmat"]
[Result "0-1"]
[WhiteElo "1772"]
[BlackElo "1788"]
[PlyCount "66"]
[EventDate "2016.??.??"]

1. c4 e5 2. Nc3 Nf6 3. Nf3 Nc6 4. g3 g6 5. Bg2 Bg7 6. d3 O-O 7. O-O d6 8. Bd2
Re8 9. Qc1 e4 10. Ng5 exd3 11. exd3 Ne5 12. Qc2 Bf5 13. Nge4 c6 14. f4 Ned7 15.
Nxd6 Qb6+ 16. Kh1 Ng4 17. Nxe8 Rxe8 18. Nd1 Nc5 19. Rf3 Re2 20. h3 Nf2+ 21.
Nxf2 Rxf2 22. Rf1 Nxd3 23. Be3 Rxc2 24. Bxb6 axb6 25. g4 Be4 26. Rg3 Bxg2+ 27.
Rxg2 Rxg2 28. Kxg2 Nxb2 29. Rc1 Nd3 30. Rf1 Kf8 31. Kf3 Ke7 32. Rb1 Nb2 33. Rc1
Kd6 0-1

[Event "SR 4. liga A21 2016/2017"]
[Site "?"]
[Date "2017.03.12"]
[Round "11.3"]
[White "Musaev, Matej Elbek"]
[Black "Krchnak, Rudolf"]
[Result "0-1"]
[WhiteElo "1747"]
[BlackElo "1700"]
[PlyCount "102"]
[EventDate "2016.??.??"]

1. e4 c5 2. Nf3 d6 3. d4 cxd4 4. Nxd4 Nf6 5. Nc3 a6 6. Be2 e5 7. Nb3 Be6 8. Be3
Be7 9. f4 exf4 10. Bxf4 Nc6 11. Qd3 Ne5 12. Qe3 Qc7 13. O-O-O Rc8 14. Nd4 Ng6
15. Bg3 O-O 16. h4 Bg4 17. Bxg4 Nxg4 18. Qe2 N6e5 19. Nf5 Nf6 20. Qd2 Rfd8 21.
Qg5 Bf8 22. h5 Nxe4 23. Qe3 Nxc3 24. Bxe5 Nxa2+ 25. Kb1 Qxc2+ 26. Kxa2 Qxf5 27.
Bc3 Qe6+ 28. Qxe6 fxe6 29. Rhe1 e5 30. Rd5 Re8 31. Bb4 Re6 32. Re4 b5 33. Kb3
Rc1 34. g4 g6 35. hxg6 Rxg6 36. Ba3 Rg1 37. Kb4 R1xg4 38. Rxg4 Rxg4+ 39. Ka5
Rd4 40. Rxd4 exd4 41. b4 h5 42. Bc1 d3 43. Kxa6 h4 44. Kxb5 h3 45. Bf4 h2 46.
Bxh2 d2 47. Ka5 d1=Q 48. Bf4 Qf3 49. Bc1 Qc3 50. Bf4 d5 51. Ka4 Qxb4# 0-1

[Event "SR 4. liga A21 2016/2017"]
[Site "?"]
[Date "2017.03.12"]
[Round "11.3"]
[White "Bajcar, Pavol"]
[Black "Sedlak, Rastislav"]
[Result "1/2-1/2"]
[WhiteElo "1665"]
[BlackElo "1675"]
[PlyCount "53"]
[EventDate "2016.??.??"]

1. d4 d5 2. Bf4 Nf6 3. Nf3 g6 4. Nbd2 Bg7 5. e3 O-O 6. Bd3 Nbd7 7. O-O c5 8. c3
cxd4 9. cxd4 Nb6 10. Rc1 Bg4 11. Bc7 Qd7 12. Bxb6 axb6 13. a3 Rfc8 14. Qb3 Qd6
15. h3 Bxf3 16. Nxf3 e6 17. Rc2 Rc7 18. Rfc1 Rac8 19. Rxc7 Rxc7 20. Rxc7 Qxc7
21. Qc2 Qc6 22. Ne5 Qxc2 23. Bxc2 Kf8 24. Ba4 Ke7 25. f3 Bh6 26. Kf2 Bg5 27. g3
1/2-1/2

[Event "SR 4. liga A21 2016/2017"]
[Site "?"]
[Date "2017.03.12"]
[Round "11.3"]
[White "Divinec, Peter"]
[Black "Jancovicova, Petra"]
[Result "0-1"]
[WhiteElo "1748"]
[BlackElo "1644"]
[PlyCount "46"]
[EventDate "2016.??.??"]

1. e4 e5 2. Nf3 Nc6 3. Bc4 Nf6 4. Ng5 d5 5. exd5 Na5 6. Bb5+ c6 7. dxc6 bxc6 8.
Be2 Be7 9. d3 O-O 10. O-O Rb8 11. h3 Qd4 12. c3 Qd7 13. b4 Nb7 14. Be3 c5 15.
a3 Nd5 16. Ne4 Qc7 17. Bxc5 Nxc5 18. Nxc5 Bxc5 19. bxc5 Qxc5 20. Qd2 Nf4 21.
Ra2 Rd8 22. Rd1 Bf5 23. Qe3 Qd5 0-1

[Event "SR 4. liga A21 2016/2017"]
[Site "?"]
[Date "2017.03.12"]
[Round "11.4"]
[White "Slaby, Jozef"]
[Black "Nemeckay, Rastislav"]
[Result "1/2-1/2"]
[WhiteElo "1748"]
[BlackElo "1989"]
[PlyCount "86"]
[EventDate "2016.??.??"]

1. Nf3 Nf6 2. c4 c6 3. e3 d5 4. b3 g6 5. Bb2 Bg7 6. d4 O-O 7. Be2 Ne4 8. O-O
Nd7 9. Nbd2 Ndf6 10. Ne5 Nxd2 11. Qxd2 Ne4 12. Qe1 f6 13. Nd3 e6 14. Rc1 b6 15.
cxd5 cxd5 16. Nb4 Bb7 17. Ba3 Rf7 18. f3 Nd6 19. Ba6 Bxa6 20. Nxa6 Nb5 21. Bb2
Bf8 22. Nb4 Rc7 23. Nd3 Rac8 24. Qd2 Rxc1 25. Rxc1 Rxc1+ 26. Qxc1 Qc7 27. Qxc7
Nxc7 28. a4 Kf7 29. Kf2 Ke8 30. g4 Bd6 31. h3 Kd7 32. Ke2 f5 33. Nf2 Kc6 34.
Kd3 b5 35. axb5+ Kxb5 36. Kc2 Na6 37. Kc3 Bb4+ 38. Kc2 Nb8 39. Nd3 Bd6 40. gxf5
gxf5 41. Bc3 Nc6 42. Kb2 a6 43. Nf2 Nd8 1/2-1/2

[Event "SR 4. liga A21 2016/2017"]
[Site "?"]
[Date "2017.03.12"]
[Round "11.4"]
[White "Klimes, Karel"]
[Black "Slaba, Andrea"]
[Result "0-1"]
[WhiteElo "1646"]
[BlackElo "1860"]
[PlyCount "138"]
[EventDate "2016.??.??"]

1. d4 Nf6 2. c4 g6 3. Nf3 Bg7 4. Nc3 O-O 5. e4 d6 6. Bd3 Nbd7 7. O-O e5 8. Be3
c6 9. Qd2 Re8 10. a3 a5 11. b4 exd4 12. Bxd4 Ne5 13. Nxe5 dxe5 14. Be3 Be6 15.
Na4 Nd7 16. Rfd1 Qc7 17. Nb2 Nf6 18. Qc2 Ng4 19. Bg5 h6 20. Bh4 Nf6 21. c5 axb4
22. axb4 b5 23. cxb6 Qxb6 24. Ra4 Rxa4 25. Qxa4 Rb8 26. Nc4 Bxc4 27. Bxc4 Nxe4
28. Qb3 Qb7 29. b5 Nc5 30. Qe3 cxb5 31. Qxc5 bxc4 32. Qxc4 Qb4 33. Qc7 Qb6 34.
Rd8+ Rxd8 35. Qxd8+ Qxd8 36. Bxd8 f5 37. f3 Kf7 38. Kf2 Ke6 39. Ke3 Kd5 40. g3
Bf8 41. Bb6 Bc5+ 42. Bxc5 Kxc5 43. Kd3 Kd5 44. h3 e4+ 45. Ke3 Ke5 46. fxe4 fxe4
47. Ke2 Kd4 48. Kd2 e3+ 49. Ke2 Ke4 50. Ke1 Kf3 51. g4 Kg3 52. g5 h5 53. Ke2
Kf4 54. h4 Ke4 55. Ke1 Kf3 56. Kf1 Kg4 57. Ke2 Kxh4 58. Kxe3 Kxg5 59. Kf3 h4
60. Kg2 Kg4 61. Kh2 g5 62. Kg2 h3+ 63. Kh2 Kh4 64. Kh1 g4 65. Kg1 g3 66. Kh1
Kg4 67. Kg1 Kf3 68. Kh1 g2+ 69. Kg1 h2+ 0-1

[Event "SR 4. liga A21 2016/2017"]
[Site "?"]
[Date "2017.03.12"]
[Round "11.4"]
[White "Vagovic, Milan"]
[Black "Valigursky, Michal"]
[Result "1-0"]
[WhiteElo "1628"]
[BlackElo "1692"]
[PlyCount "71"]
[EventDate "2016.??.??"]

1. d4 d5 2. c4 e6 3. Nc3 Nf6 4. Nf3 c6 5. Bg5 Nbd7 6. e4 dxe4 7. Nxe4 h6 8.
Nxf6+ Nxf6 9. Bd2 Bd6 10. h3 c5 11. Be3 Bd7 12. Bd3 O-O 13. O-O b6 14. dxc5
bxc5 15. Qc2 Qc7 16. Nd2 Bc6 17. Be4 Rfd8 18. Bxc6 Qxc6 19. Rad1 Rab8 20. Nb3
Qb6 21. Bd2 Qc6 22. Be3 Rbc8 23. Rd3 Qe4 24. Rfd1 Qe5 25. g3 Qf5 26. Kg2 Ne4
27. Qe2 h5 28. Qf3 Qg6 29. Bf4 e5 30. Bxe5 Ng5 31. Qf4 Nxh3 32. Kxh3 Qe6+ 33.
Kg2 Bxe5 34. Rxd8+ Kh7 35. Qe4+ f5 36. Qd5 1-0

[Event "SR 4. liga A21 2016/2017"]
[Site "?"]
[Date "2017.03.12"]
[Round "11.4"]
[White "Wallner, Juraj"]
[Black "Pripko, Bystrik"]
[Result "1/2-1/2"]
[WhiteElo "1558"]
[BlackElo "1642"]
[PlyCount "98"]
[EventDate "2016.??.??"]

1. e4 e5 2. Nf3 d6 3. d4 Nd7 4. Bc4 h6 5. O-O Be7 6. dxe5 Nxe5 7. Nxe5 dxe5 8.
Qh5 g6 9. Qxe5 Nf6 10. Nc3 Qd6 11. Bf4 Qxe5 12. Bxe5 c6 13. Rad1 O-O 14. h3 Re8
15. Rfe1 Nd7 16. Bd6 Bf6 17. Rd3 Ne5 18. Bxe5 Bxe5 19. a4 a6 20. f3 b5 21. axb5
axb5 22. Bb3 Be6 23. Bxe6 Rxe6 24. b3 g5 25. Ne2 h5 26. Nd4 Rd6 27. Nf5 Rxd3
28. cxd3 Kf8 29. d4 Bc7 30. Rc1 h4 31. Rxc6 Ra1+ 32. Kf2 Ra2+ 33. Kf1 Ra1+ 34.
Ke2 Ra2+ 35. Kd1 Ra7 36. d5 Ke8 37. Nd6+ Bxd6 38. Rxd6 Ra1+ 39. Ke2 Ra2+ 40.
Kf1 Rb2 41. Rc6 Rb1+ 42. Kf2 Rb2+ 43. Kg1 Rb1+ 44. Kh2 Rxb3 45. d6 b4 46. Rb6
Rb2 47. e5 Re2 48. Rxb4 Rxe5 49. Re4 f6 1/2-1/2

[Event "SR 4. liga A21 2016/2017"]
[Site "?"]
[Date "2017.03.12"]
[Round "11.4"]
[White "Piestansky, Jan"]
[Black "Tomasovic, Roman"]
[Result "1-0"]
[WhiteElo "1642"]
[BlackElo "1599"]
[PlyCount "155"]
[EventDate "2016.??.??"]

1. e4 e5 2. Nf3 Nc6 3. Bc4 Bc5 4. h3 Nf6 5. d3 h6 6. c3 O-O 7. O-O Re8 8. Bb3
d5 9. exd5 Nxd5 10. Re1 Nf6 11. Be3 Bd6 12. Nbd2 Bf5 13. Bc2 Nd5 14. Ne4 Bxe4
15. dxe4 Nxe3 16. Rxe3 Bc5 17. Rd3 Qf6 18. Qe2 Rad8 19. Rad1 Rxd3 20. Rxd3 Rd8
21. Qd2 Rxd3 22. Qxd3 Qd6 23. Qd5 Qe7 24. Ba4 Nd8 25. Qxe5 Qxe5 26. Nxe5 Bd6
27. Nd3 f6 28. f3 Nf7 29. Bb3 Kf8 30. Bxf7 Kxf7 31. Kf2 b6 32. g4 g5 33. c4 Ke6
34. Ke3 c5 35. b3 a5 36. f4 Bc7 37. e5 fxe5 38. f5+ Kf6 39. Ke4 Bb8 40. Nf2 Ke7
41. Kd5 Kd7 42. Nd3 e4 43. Kxe4 Kd6 44. Ne5 Bc7 45. Nf7+ Ke7 46. Ne5 Kd6 47.
Ng6 Bd8 48. Nf8 Bf6 49. Ne6 Bh8 50. Nd8 Bg7 51. Nf7+ Ke7 52. Ne5 Kd6 53. Nf3
Bf6 54. Nh2 Be5 55. Nf1 Bf6 56. Ng3 Be5 57. Nh5 Bh8 58. f6 Ke6 59. Ng7+ Kxf6
60. Ne8+ Ke7 61. Nc7 Kd7 62. Nd5 Kc6 63. Kf5 b5 64. Kg6 Bb2 65. Kxh6 Bc1 66.
Nf6 bxc4 67. bxc4 a4 68. Ne4 Kb6 69. Kg6 Be3 70. Nxg5 Ka5 71. Ne4 Kb4 72. g5
Kxc4 73. Kf7 Kd3 74. g6 Kxe4 75. g7 c4 76. g8=Q c3 77. Ke6 c2 78. Qh7+ 1-0

[Event "SR 4. liga A21 2016/2017"]
[Site "?"]
[Date "2017.03.12"]
[Round "11.5"]
[White "Blatnicky, Miroslav"]
[Black "Zlamal, Marek"]
[Result "1-0"]
[WhiteElo "2110"]
[BlackElo "1827"]
[PlyCount "105"]
[EventDate "2016.??.??"]

1. d4 e6 2. c4 d5 3. Nc3 Nf6 4. Bg5 Be7 5. e3 O-O 6. Nf3 b6 7. cxd5 Nxd5 8.
Nxd5 exd5 9. Bxe7 Qxe7 10. Qb3 Bg4 11. Ne5 Be6 12. Be2 f6 13. Nd3 c5 14. Qa3
Nd7 15. Rc1 Rfc8 16. O-O Rc7 17. Bf3 Qd6 18. Rfd1 Rac8 19. dxc5 bxc5 20. Nf4
Nb6 21. Qa6 d4 22. Nxe6 Qxe6 23. exd4 cxd4 24. Rxc7 Rxc7 25. Rxd4 Qe1+ 26. Qf1
Qxf1+ 27. Kxf1 Rc2 28. Rb4 Kf8 29. Bd1 Rc5 30. Bb3 Ke7 31. Rg4 g5 32. Re4+ Kd7
33. Re6 Rc6 34. Rxc6 Kxc6 35. Ke2 Kd6 36. Kf3 f5 37. Bc2 Ke5 38. g4 fxg4+ 39.
Kxg4 h6 40. h4 gxh4 41. f4+ Kf6 42. Kxh4 Nd5 43. Kg3 Ne3 44. Be4 Nf5+ 45. Bxf5
Kxf5 46. b4 h5 47. b5 h4+ 48. Kf3 h3 49. a4 h2 50. Kg2 Kxf4 51. a5 Ke5 52. b6
axb6 53. a6 1-0

[Event "SR 4. liga A21 2016/2017"]
[Site "?"]
[Date "2017.03.12"]
[Round "11.5"]
[White "Vach, Jozef"]
[Black "Miciak, Emanuel"]
[Result "0-1"]
[WhiteElo "1683"]
[BlackElo "1873"]
[PlyCount "135"]
[EventDate "2016.??.??"]

1. d4 Nf6 2. Nf3 g6 3. g3 Bg7 4. Bg2 O-O 5. O-O d5 6. b3 Nbd7 7. Bb2 Ne4 8.
Nbd2 Ndf6 9. Ne5 Bf5 10. Ndf3 c6 11. Nh4 Bc8 12. Nhf3 Bf5 13. Nh4 Bc8 14. Nhf3
Nd6 15. e3 Nfe4 16. c3 Bf6 17. h3 Ng5 18. Nxg5 Bxg5 19. h4 Bf6 20. Kh2 Qc7 21.
Nd3 Bf5 22. f4 h5 23. Ne5 Bg7 24. Rc1 f6 25. Nf3 Qd7 26. Ng1 Rae8 27. Bh3 Rf7
28. Bg2 Bh6 29. Nf3 Rg7 30. c4 e6 31. c5 Nf7 32. b4 Kh7 33. Qe1 Reg8 34. Rg1
Be4 35. Nd2 Bxg2 36. Rxg2 g5 37. hxg5 fxg5 38. Qf2 gxf4 39. exf4 h4 40. Rcg1
Qc7 41. Kh3 hxg3 42. Rxg3 Rxg3+ 43. Rxg3 Rxg3+ 44. Qxg3 Bxf4 45. Qh4+ Bh6 46.
Nf3 Qf4 47. Qxf4 Bxf4 48. Kg4 Bc7 49. Bc3 Kg6 50. Ne5+ Bxe5 51. dxe5 Nh6+ 52.
Kf4 Kh5 53. Be1 Nf7 54. Bf2 Nh8 55. Bg3 Ng6+ 56. Kf3 Kg5 57. Ke3 Ne7 58. Bf4+
Kf5 59. Bh2 Ng6 60. Kd4 Nh4 61. Ke3 Kg4 62. Bg1 Nf5+ 63. Kd3 Kf3 64. Bh2 Ne7
65. a4 Ng6 66. Bg1 Nxe5+ 67. Kd4 Ng4 68. Kd3 0-1

[Event "SR 4. liga A21 2016/2017"]
[Site "?"]
[Date "2017.03.12"]
[Round "11.5"]
[White "Smrek, Peter"]
[Black "Kovarik, Oto"]
[Result "0-1"]
[WhiteElo "1746"]
[BlackElo "1745"]
[PlyCount "114"]
[EventDate "2016.??.??"]

1. c4 c5 2. Nc3 e6 3. e4 Nc6 4. d3 g6 5. g3 Bg7 6. Bg2 Nge7 7. Nge2 O-O 8. Be3
d6 9. O-O a6 10. Qd2 f5 11. d4 cxd4 12. Nxd4 Nxd4 13. Bxd4 e5 14. Be3 Be6 15.
b3 f4 16. gxf4 exf4 17. Bd4 Be5 18. f3 Qc7 19. Rac1 Nc6 20. Bf2 Qg7 21. Ne2
Rad8 22. Kh1 Qh6 23. Nd4 Bh3 24. Rg1 Nxd4 25. Bxd4 Qh5 26. Bb6 Rde8 27. Qd5+
Rf7 28. Rc2 Bxg2+ 29. Kxg2 Rc8 30. a4 Rc6 31. a5 g5 32. Qe6 Kg7 33. h3 h6 34.
Rd1 Rf6 35. Qd7+ Qf7 36. Qxf7+ Kxf7 37. c5 Ke8 38. Rcd2 Ke7 39. cxd6+ Rfxd6 40.
Rxd6 Bxd6 41. h4 Rc2+ 42. Kh3 Bc5 43. Bd8+ Ke6 44. hxg5 hxg5 45. Bxg5 Rc3 46.
Kg4 Rxb3 47. Bxf4 Rb5 48. Bc7 b6 49. axb6 a5 50. b7 Rxb7 51. Bxa5 Rg7+ 52. Kh5
Be3 53. Rd5 Rg1 54. Rf5 Rh1+ 55. Kg6 Rg1+ 56. Kh7 Rh1+ 57. Kg8 Bd4 0-1